[Event "Politiken Cup 18th"]
[Site "Copenhagen"]
[Date "1996.??.??"]
[Round "10"]
[White "Schandorff, Lars"]
[Black "Speelman, Jonathan S"]
[Result "0-1"]
[WhiteElo "2485"]
[BlackElo "2625"]
[Annotator "Tisdall,J"]
[PlyCount "94"]
[EventDate "1996.06.??"]
[EventType "swiss"]
[EventRounds "11"]
[EventCountry "DEN"]
[SourceTitle "CBM 054"]
[Source "ChessBase"]
[SourceDate "1996.10.01"]
[SourceVersion "1"]
[SourceVersionDate "1996.10.01"]
[SourceQuality "1"]

{This game is vintage Speelman - an unconventional opening and a sequence of
magical tactical flurries.} 1. d4 {Dautov Speelman,J Fritz} e6 2. c4 b6 {
This handmade system served Speelman quite well throughout the event. He could
perhaps have earned an even higher placing if he had not blundered a piece
against Gulko in a winning position with it in round 8. Gulko took it up
himself in his crucial last round game against Tiger Hillarp Persson.} 3. a3
Bb7 4. Nc3 Nf6 {Steering play back into conventional waters for a move.} 5. Nf3
g6 6. Bf4 Bg7 7. e3 O-O 8. Be2 d6 9. Qc2 (9. O-O {Dautov} Ne4 10. Nxe4 Bxe4 11.
Rc1 Nd7 12. b4 Qe7 13. Bg5 Bf6 14. Bxf6 Nxf6 15. Nd2 Bb7 $10 {Sadler,
M-Romanishin,O/Ischia (01) ;CBM 54 1996}) 9... Nbd7 10. O-O Qe7 (10... Nh5 {
Speelman,J} 11. Bg5 f6 (11... Qe8 {Dautov} 12. Nd2 f5 13. Nb5 Qb8 14. d5 e5 15.
e4 a6 16. Nc3 f4 17. Bg4 Qe8 $14 {Dreev,A-Romanishin,O/URS-FL56 Simferopol 1988
}) 12. Bh4 g5 13. Nd2 $1 Qe8 14. Qd1 $1) 11. h3 c5 {N} (11... e5 {Speelman,J})
(11... e5 {Dautov} 12. Bh2 exd4 13. exd4 Rfe8 14. Rae1 Qf8 15. Nd2 a6 16. Bf3
Bxf3 17. Nxf3 $14 {Dreev,A-Balashov,Y/URS ch 1989}) 12. dxc5 (12. Nb5 {Dautov}
e5 13. dxe5 dxe5 14. Bh2 a6 15. Nc3 e4 16. Nd2 Rfe8 $10) (12. Rfd1 {Dautov}
cxd4 13. exd4 d5 $15) (12. b4 {Dautov} cxd4 13. exd4 Rac8 14. Nd2 e5 15. dxe5
dxe5 16. Be3 $10) 12... Nxc5 (12... bxc5 {Speelman,J}) (12... dxc5 {Speelman,J}
13. Ne5 Nh5 $6 14. Nxd7 Nxf4 15. Nxf8 {doesn't work for Black}) 13. Nd2 Rfc8
14. Rac1 (14. Rfc1 $5 {Dautov}) 14... d5 15. b4 Ncd7 16. Qb3 (16. cxd5 $6 {
Dautov} Nh5 $1 (16... Nxd5 17. Nxd5 exd5 18. Qa4 $14) 17. d6 Qh4 18. Bxh5 $2
Rxc3 19. Qa4 Bc6 20. b5 Nc5 21. Qd1 Rxc1 22. Qxc1 Bxg2 23. Kxg2 Qxh5 $17) 16...
h6 $1 (16... dxc4 17. Nxc4 Nd5 18. Nxd5 Bxd5 19. Qd3 (19. Qa4 {Speelman,J})
19... Rc6 20. e4 Bxc4 21. Rxc4 $14) 17. Bg3 a5 $1 {Although it is not yet
apparent, b4 is a potential weakness. How this is to be exploited is
imaginative in the extreme.} 18. Nb5 (18. bxa5 {Speelman,J} Rxa5 19. cxd5 Rxa3
$1 (19... Nxd5 20. Nxd5 Rxd5) 20. d6 Rxb3 21. dxe7 Rbxc3 22. Rxc3 Rxc3) 18...
Ne8 (18... axb4 {Speelman,J} 19. axb4 dxc4 20. Nxc4 Ne4 $5 21. Nbd6 $1 Rxc4 $3
22. Nxc4 b5 23. Na5 Nd2 24. Qd3 Nxf1) 19. cxd5 Bxd5 20. Bc4 Bb7 {Speelman
manages an intriguing form of trench warfare throughout this game, constantly
retreating pieces to maintain tension. /\Ne5} 21. Rfd1 (21. Nf3 $5 {Dautov}
Bxf3 22. gxf3 Ne5 23. Be2 $10) 21... axb4 22. axb4 (22. Qxb4 {Speelman,J} Nc5)
22... Ne5 {Now black gains a pleasant initiative since white must take some
awkward posts to avoid conceding the bishop pair and to prevent harassment of
the queen.} (22... Bf8 $5 {Speelman,J}) 23. Be2 Bd5 24. Nc4 (24. Qb1 {Dautov}
Rxc1 25. Rxc1 Nc6 $17 {><b4}) 24... Nxc4 25. Bxc4 {[#] Things still look
tranquil enough - can you spot black's next move?} Ra1 $3 {Since boxing was a
prevalent theme in the Copenhagen Open, this should be perhaps classed as a
body shot. No immediate damage done, but a shock to the system, an as yet
indiscernible wobble to the legs.} 26. Rxa1 Bxc4 27. Qa4 (27. Qc2 {Speelman,J}
Bxa1 28. Rxa1 Qxb4 29. Na7 Ra8 (29... Rc5 $1 {Fritz}) 30. Ra4 Qe1+ (30... Qb3
$4 31. Rxc4 Qxc2 32. Rxc2 Rxa7 33. Rc8 Re7 34. Bd6 Kf8 $18) 31. Kh2 b5 (31...
Bd5 32. Nc8) 32. Nxb5 Rxa4 33. Qxa4) 27... Bxa1 28. Rxa1 Bd5 {Now there is
some cause for concern. The knight on b5 is awkwardly placed, and achieving
coordination is difficult while maintaining the b4 pawn. /\Ra8,/\Rc4} 29. Qa7 (
29. Qa3 {Dautov} Ra8 30. Qb2 Rxa1+ 31. Qxa1 Qxb4 32. Nc7 Nxc7 33. Bxc7 Qe4 34.
Qf1 b5 $17) (29. Rb1 {Dautov} Qb7 30. f3 Bxf3 31. gxf3 Qxf3 $36) (29. Nd4 {
Dautov} Rc4 (29... Ra8 30. Qd1 Rxa1 31. Qxa1 Qxb4 32. Qa7 $15) 30. Rb1 e5 $15)
29... Qd8 {A powerful retreat. ...Ra8 and ...Bxg2 loom. /\Ra8} 30. Qa3 Ra8 (
30... Bxg2 $2 {Speelman,J} 31. Na7 $1 Bxh3 (31... Bb7 32. Nxc8 Qxc8 33. Rc1)
32. Nxc8 Qxc8 33. Qa8) 31. Na7 {The knight is forced into exile:} (31. Qc1 Rxa1
32. Qxa1 Bxg2 33. Kxg2 Qd5+ {Now I would be sorely tempted to try and exploit
white's terrible problems on the a-file. Speelman does this very neatly - by
shifting his attention to the other side of the board.} (33... Qd5+ {Speelman,J
} 34. e4 Qxb5 35. Qa8 {White has some temporary pressure but Black must be
better.})) 31... Nf6 $1 {פa7} 32. Qc1 Ne4 33. Bc7 (33. Bf4 {Speelman,J}) 33...
Qf6 {[%cal Rf6f2,Rf6a1]} 34. f4 $6 {I suppose this is very natural since by
creating an outpost on e5 white makes progress towards the solution of his
problems on the a-file. However I would be very wary of sealing off the
kingside from defenders in this way, particularly against the "Speelwolf" as
his associates call him. I think that} (34. f3 {would be a tougher nut to
crack, though that too is rife with danger. >=} Nd2 $5 (34... Nc3 35. Qe1 (35.
Kf2 {Speelman,J} Na2 $1) 35... Ne2+ 36. Kh1 $1 {appears to hold.} (36. Kh2 Qe7
$1 (36... Qb2) 37. Be5 Qg5)) 35. Qd1 Nxf3+ (35... Nb3 {Dautov} 36. Ra6 Qc3 37.
Bxb6 Qxb4 {/\Bb7} 38. Bd4 Nxd4 39. exd4 (39. Qxd4 Qe1+ 40. Kh2 Bxf3 $19) 39...
e5 $17) 36. gxf3 Bxf3 $44 {is very tempting for black - white will be
stretched to defend both his king and coordinate his pieces} (36... Bxf3 37.
Qe1 Qb2 38. Qf1 $13)) (34. Qf1 {Dautov} Nxf2 35. Bxb6 Nxh3+ $1 36. gxh3 Qg5+
37. Kf2 (37. Kh2 Qe5+) 37... Qh4+ 38. Ke2 Bc4+ $19) 34... Qh4 35. Qb2 (35. Qf1
{Speelman,J} Qg3 36. Bxb6 (36. Qf3 {Dautov} Rxa7 $1 37. Rxa7 Qe1+ 38. Qf1 (38.
Kh2 Nd2 $19) 38... Qxe3+ 39. Kh2 Qg3+ 40. Kg1 Nd2 41. Qe2 Nf3+ 42. Kf1 Bc4 $19)
(36. Qe2 Ng5 $1 37. fxg5 (37. Kf1 Qh2 $19) 37... Qxc7 $19) 36... Nd2 37. Qe2
Nf3+ 38. Kf1 Bc4 $1) 35... Rxa7 $1 {The final assault begins. I find the theme
of exploiting white's poorly pieced places by sacrificing for them and
operating on the other flank very pleasing.} 36. Rxa7 Qe1+ 37. Kh2 Qg3+ 38. Kg1
Qxe3+ 39. Kh2 Nd2 40. Ra2 $2 {After this Speelman tactical prowess is not
seriously tested. Much tougher was} (40. Qa1 $1 {when the most efficient path
is probably} Nf3+ 41. Kh1 Nd4 $1 (41... Ne5 $2 {allows at least} 42. Ra8+ Kh7
43. Rh8+ Kxh8 44. Qxe5+ $10) 42. Ra8+ (42. Ra3 {Speelman,J} Qd2 $1 (42... Qf2
43. Qg1 Qxg1+ 44. Kxg1 Nb5 45. Ra6 Nxc7 46. Rxb6 {leaves serious technical
problems since the b pawn is v annoying.}) (42... Qe2 43. Rg3 $1 (43. Qg1 Nb5
44. Re3 Bxg2+ 45. Kh2 Qd2 46. Qe1 Qc2 47. Re2 Qxc7 48. Rxg2 Qxf4+ $17) 43...
Nf5 44. Qc3) 43. Qf1 (43. Rg3 Nf5 (43... Ne2 44. Rg4 h5 45. Rg5 Nxf4 46. Bxf4
Qxf4 47. Qe5 Qxb4) 44. Rg4 (44. Qc3 Nxg3+ 45. Qxg3 Qc1+) 44... Ne3 $1 45. Qg1 (
45. Rg3 Nxg2 46. Kg1 Nxf4 47. Bxf4 Qxf4 $19) 45... Nxg2 $1 (45... Nxg4 $2 46.
hxg4 Qc3 47. Bxb6 Qh3+ 48. Qh2 Qxg4 {must be good enough}) 46. Rxg2 Bxg2+ 47.
Qxg2 Qc1+ $19) 43... Bxg2+ $1 44. Qxg2 Qc1+ 45. Qg1 Qxa3 46. Bxb6 (46. Qxd4
Qc1+ $19) 46... Qxh3+ 47. Qh2 Qf3+ (47... Qxh2+ 48. Kxh2 Nb5 {should also win})
48. Qg2 Qxf4 49. Bxd4 (49. Qa8+ Kg7 50. Bc5 e5 $19 51. Bf8+) 49... Qxd4 {
This is completely winning because White is unable to play b5 and so has to
loae a tempo.} 50. Qb7 (50. b5 Qd1+ $1 51. Kh2 Qh5+) 50... e5 51. b5 e4 52. b6
e3 53. Qc8+ Kg7 54. b7 e2 $19) 42... Kh7 43. Ra3 Qd2 $1 44. Rg3 (44. Qf1 Bxg2+
45. Qxg2 Qc1+) 44... Nf5 45. Rg4 Ne3 46. Qg1 Nxg2 47. Rxg2 Bxg2+ 48. Qxg2 Qc1+
$19) 40... Nf1+ 41. Kh1 Ng3+ 42. Kh2 Nf1+ 43. Kh1 Qxh3+ 44. Kg1 Qe3+ 45. Kh1 (
45. Kxf1 Bc4+) 45... Ng3+ 46. Kh2 Bxa2 47. Qxa2 Ne2 0-1

[Event "Gausdal Eikrem Memorial"]
[Site "Gausdal"]
[Date "1996.??.??"]
[Round "4"]
[White "Gretarsson, Helgi Ass"]
[Black "Agdestein, Simen"]
[Result "1-0"]
[WhiteElo "2465"]
[BlackElo "2600"]
[Annotator "Tisdall,J"]
[PlyCount "81"]
[EventDate "1996.08.??"]
[EventType "swiss"]
[EventRounds "9"]
[EventCountry "NOR"]
[SourceTitle "CBM 054 Extra"]
[Source "ChessBase"]
[SourceDate "1996.11.01"]
[SourceVersion "1"]
[SourceVersionDate "1996.11.01"]
[SourceQuality "1"]

{Former world junior champion Helgi Gretarsson played very well in Gausdal and
deserved a much higher placing. He came undone in a virtually winning position
against Djurhuus in round ? and even managed to lose. Most of the event he
demonstrated sophisticated positional play, like in this game which was an
important part of the great Icelandic revenge.} 1. d4 Nf6 2. c4 e6 3. Nf3 b6 4.
a3 Bb7 5. Nc3 d5 6. cxd5 Nxd5 7. Nxd5 Qxd5 (7... exd5 8. Bf4 Bd6 9. Bxd6 Qxd6
10. Rc1 (10. g3 O-O 11. Bg2 Nd7 12. O-O Rfe8 13. b4 $14) 10... O-O 11. Qc2 Na6
12. b4 Rac8 13. g3 c5 14. Bh3 Rc7 15. bxc5 bxc5 16. O-O $10 {Gretarsson,H-van
der Wiel,J/Moscow (ol) 1994}) 8. g3 c5 (8... Nc6 $5 {is an interesting
alternative. I would guess that} 9. Bg2 {which led to a "party" after} (9. Be3
$5 {is the sensible alternative to}) 9... Nxd4 $5 10. Nh4 Qa5+ 11. b4 (11. Bd2
Qa6) 11... Bxb4+ 12. axb4 Qxa1 13. Bxb7 Rd8 $13 14. Kf1 O-O {in Ivanov,
Se-Anastasian,A/St. Petersburg 1994 (1/2-1/2, 34)}) (8... Be7 9. Bg2 Qd8 10.
O-O O-O 11. Qc2 $16) 9. Be3 {This apparently harmless line is a Gretarsson
speciality.} cxd4 (9... Nc6 10. dxc5 $14) 10. Qxd4 Qxd4 11. Bxd4 f6 $5 (11...
Nd7 12. Bg2 {draw - occurred in Gretarsson-Olafsson,H in the latest Icelandic
championship.}) 12. Bh3 e5 $6 {After this black begins to experience real
difficulties.} (12... Bd5 $5 {looks safer, with Bd6 and Ke7 to follow.}) 13.
Be3 Bd6 14. O-O Ke7 15. Rfd1 {This prepares the entry of white's knight into
black's guts, and prevents the normal development of black's queenside.} Rd8
16. Ng5 $1 Nc6 17. Ne6 Rg8 18. Rac1 {White's moves are the most unpleasant
possible - simple, obvious and powerful. Gretarsson methodically strengthens
his position. The knight on e6 is an octopus, paralyzing black. Since the
steed always has a tactical escape route via c7, there is no way for black try
and exploit its apparent lack of squares. There is very little more one can
say (or do) about this.} g6 19. Rc2 Na5 20. b4 Be4 21. Rc3 Nb7 22. Nc7 Rad8 23.
Rc4 $1 {Gretarsson inches his way in. Now black must cede the long diagonal.}
Bf5 24. Bg2 Bc8 (24... Rb8 {is a grim alternative. White has a variety of ways
to win a pawn or two:} 25. Nd5+ (25. Na6 $2 Rbc8) 25... Kf7 26. Nxb6 axb6 27.
Bxb7 Rxb7 28. Rxd6 Ra8 29. Rcc6 Rxa3 30. Rxf6+ {and white should win without
too much trouble.}) 25. Nd5+ Ke6 26. Nxb6 $1 {This idea is still terribly
strong, leading to a position where white's rook and two passed pawns are
clearly superior to black's crippled forces.} axb6 27. Bxb6 Ke7 (27... Rgf8 28.
Bxd8 Rxd8 29. Rxc8 (29. a4 $5)) (27... Rde8 28. Rxc8 Rxc8 29. Bxb7 {and Bd5+
wins.}) 28. Bxd8+ Rxd8 29. Rdc1 Kd7 30. Bh3+ f5 31. e4 Bb8 32. exf5 Nd6 33.
fxg6+ Ke7 34. Rxc8 Nxc8 35. Rxc8 hxg6 36. Kf1 Rxc8 37. Bxc8 Kd6 38. Bb7 g5 39.
f3 Ba7 40. Ke2 Bg1 41. h4 {A surgically precise performance by Gretarsson.} 1-0

[Event "RUS-Cup03 Geller Memorial"]
[Site "Moscow"]
[Date "1999.02.14"]
[Round "5"]
[White "Filipenko, Alexander V"]
[Black "Tunik, Gennady"]
[Result "0-1"]
[WhiteElo "2360"]
[BlackElo "2474"]
[Annotator "Tisdall,J"]
[PlyCount "94"]
[EventDate "1999.02.10"]
[EventType "swiss"]
[EventRounds "9"]
[EventCountry "RUS"]
[SourceTitle "CBM 070"]
[Source "ChessBase"]
[SourceDate "1999.06.08"]
[SourceVersion "1"]
[SourceVersionDate "1999.06.08"]
[SourceQuality "1"]

1. d4 Nf6 2. c4 e6 3. Nf3 b6 4. Nc3 Bb4 5. Qb3 a5 (5... c5) 6. Bg5 Bb7 7. e3 h6
8. Bh4 d6 9. Bd3 Nbd7 (9... Qe7 10. O-O Bxc3 11. Qxc3 g5 12. Bg3 Nbd7 13. d5
Rg8 14. e4 e5 15. Nd2 h5 16. f3 h4 17. Bf2 Nh5 18. Rfe1 Bc8 19. Nf1 Nc5 20. Be2
g4 {1-0 Zarnicki,P-Rosito,J/Mar del Plata 1995/EXT 97 (42)}) 10. O-O-O Bxc3 11.
Qxc3 g5 (11... Qc8 12. Qc2 c5 13. d5 e5 $6 14. Nd2 g5 $6 15. Bg3 Qc7 16. f4 $16
{[%csl Gd3,Rf5,Gg3][%cal Gf1f7] 1-0 Khalifman,A-Tunik,G/Maikop 1998/CBM 66/
[Tisdall] (50)}) (11... Qe7 12. Ne1 $5 e5 $6 13. Bf5 O-O-O 14. c5 exd4 15. cxd6
Qxd6 16. Rxd4 Nd5 17. Qc2 c5 18. Nd3 Bc6 19. Bg3 Qf6 20. Ne5 {1-0 Miles,
A-Singh,R/Calcutta 1994/EXP 39 (37)}) 12. Bg3 Ne4 13. Qc2 f5 (13... Ndf6 14.
Rhe1 Qe7 15. d5 Nc5 16. e4 Nxd3+ 17. Qxd3 e5 18. Nd4 Nh5 19. Nf5 Qf6 20. Qe2
Ng7 21. Nd4 O-O 22. Nb5 Rac8 23. f3 Qg6 24. Bf2 {1/2-1/2 Khalifman,A-Granda
Zuniga,J/Ulcinj 1998/EXT 99 (24)}) 14. Ne1 Qf6 15. f3 Nxg3 16. hxg3 O-O-O 17.
Qc3 f4 18. gxf4 (18. exf4 $5 gxf4 19. g4) 18... gxf4 19. e4 e5 20. d5 Rdg8 {
[%csl Rg2]} 21. a3 Kd8 $5 {[%mdl 32]} 22. Bc2 Ke7 23. Rh2 Ra8 $6 {[%mdl 288]
Defence medal for an inventive bit of prophylaxis. Presumably the idea was to
snuff out any ideas of white getting counterplay by expanding with b4, but now
black has problems gathering enough firepower on the kingside where his
advantage lies. The simple} (23... Rg3 {was better, to pressure the g-file and
prepare the advance of the h-pawn.}) 24. Nd3 h5 25. Rdh1 Qg5 26. Ba4 Nf6 27.
Bb5 h4 28. Qe1 h3 $5 {[%csl Rf3,Rh1,Rh2][%cal Gg8g1][%mdl 2608] Now a very
lively decision. Black gets quite a bit of compensation, as white's rook
becomes passive and f3 is weakened. A sensible alternative was} (28... Rag8 {
to keep the tension against g2.}) 29. Rxh3 Rxh3 30. gxh3 Rg8 31. h4 Qg3 32.
Qxg3 Rxg3 (32... fxg3 33. Kd2 {and the g-pawn is not so dangerous.}) 33. Ne1
Nh5 34. Kd2 Rg8 35. Rh2 Bc8 36. Rg2 Ng3 37. Kd3 Bh3 38. Rh2 Bf1+ 39. Kd2 Rh8
40. b3 Kf6 41. Nc2 Rg8 $5 {Creating a little tactical threat...} 42. b4 $4 {
[%mdl 8192] ...which white overlooks.} (42. Ne1) 42... Bg2 $1 $19 {[%csl Rf1,
Rf3,Rh2] and white's pawn chain dissolves.} 43. c5 Bxf3 44. cxb6 cxb6 45. Kc3
Bxe4 46. Bc4 Rc8 47. Kb3 Nf5 0-1

[Event "RUS-chT 05th"]
[Site "Maikop"]
[Date "1998.06.03"]
[Round "1"]
[White "Khalifman, Alexander"]
[Black "Tunik, Gennady"]
[Result "1-0"]
[WhiteElo "2660"]
[BlackElo "2470"]
[Annotator "Tisdall,J"]
[PlyCount "99"]
[EventDate "1998.06.03"]
[EventType "team-tourn"]
[EventRounds "11"]
[EventCountry "RUS"]
[SourceTitle "CBM 066"]
[Source "ChessBase"]
[SourceDate "1998.09.30"]
[SourceVersion "1"]
[SourceVersionDate "1998.09.30"]
[SourceQuality "1"]
[WhiteTeam "Sankt Petersburg"]
[BlackTeam "Saratov GShK"]
[WhiteTeamCountry "RUS"]
[BlackTeamCountry "RUS"]

1. d4 Nf6 2. c4 e6 3. Nf3 b6 4. Nc3 Bb4 5. Qb3 a5 (5... c5) 6. Bg5 Bb7 7. e3 h6
8. Bh4 d6 9. Bd3 Nbd7 10. O-O-O Bxc3 11. Qxc3 Qc8 (11... Qe7 12. Ne1 $5 e5 13.
Bf5 O-O-O 14. c5 exd4 15. cxd6 Qxd6 16. Rxd4 Nd5 17. Qc2 c5 18. Nd3 Bc6 19. Bg3
Qf6 20. Ne5 cxd4 21. Nxc6 Kb7 22. Nxd8+ Rxd8 23. Kb1 Nc5 24. e4 Nb4 25. Qc4 d3
26. Rd1 h5 27. f3 g6 28. Bh3 Nc2 29. Rd2 Rd4 30. Qc3 h4 31. Bf2 Na4 32. Qc8+
Ka7 33. Qc7+ Ka6 34. Bc8+ Kb5 35. Bd7+ Kb4 36. a3+ Kb3 37. Rxd3+ {1-0 Miles,
A-Singh,R/Calcutta 1994/EXP 39 (37)}) 12. Qc2 c5 13. d5 e5 $6 (13... exd5 {
really must be tried, to try and create some kind of long term prospects on
the queenside, not to mention immediate possibilities of complete chaos.} 14.
Bf5 (14. cxd5 Bxd5 (14... Nxd5 $5) 15. Bf5 (15. Bb5 Bc6) 15... Qc6) 14... Qc7
15. cxd5 g5 $5 (15... O-O {is safest, with complicated play.} 16. e4 $14) 16.
Bg3 Nxd5 17. e4 (17. Rxd5 $5 Bxd5 18. Rd1 $44) 17... Nb4 (17... Nf4 18. h4 $16)
18. Bxd6 Qc6 (18... Qxd6 19. Rxd6 Nxc2 20. Kxc2 $18) 19. Qe2 Nxa2+ 20. Kb1 Nb4
(20... Qa4 $5 {[%csl Ra2,Rb1,Rc2,Re4]} 21. Bxd7+ Kxd7 22. Bxc5+ (22. Be5+ Ke7
23. Bxh8 Bxe4+ 24. Rd3 $13) 22... Kc8) 21. Bxd7+ Qxd7 22. Ne5 Qa4 23. Qc4 Rh7
24. Nxf7 Qc2+ 25. Qxc2 Nxc2 26. Nxg5 hxg5 27. Kxc2 Bxe4+ 28. Kc3 Bxg2 29. Rhe1+
$11) 14. Nd2 g5 $6 {Creating further weaknesses along the f-line, and, if
anything, heightening the effect of the advance f2-f4.} 15. Bg3 Qc7 16. f4 $16
{[%csl Gd3,Rf5,Gg3][%cal Gf1f7]} exf4 (16... Nh5 17. fxe5 Nxg3 18. exd6 Qxd6
19. hxg3 Qxg3 20. Ne4 $16) 17. exf4 O-O-O 18. fxg5 hxg5 19. Rhf1 Rde8 20. Bf5
Nh5 21. Ne4 Nxg3 (21... Rh6 22. Nxg5) 22. hxg3 Kb8 23. Bxd7 Qxd7 24. Nf6 $18
Qe7 25. Nxe8 Rxe8 26. Qf2 Qd7 27. b3 (27. Qxf7 $5 Qa4 28. Kb1 Re2 29. Rc1 $18)
27... Re7 28. Rfe1 f5 29. Rxe7 Qxe7 30. Re1 Qh7 31. Qd2 Qh2 32. Qxg5 Qxg2 33.
Kb1 Ka7 34. Qf4 a4 35. bxa4 Ka6 36. a5 Kxa5 37. Qe3 b5 38. Qb3 Ba6 39. cxb5
Bxb5 40. Ka1 Qd2 41. Rd1 Qf2 42. Qc3+ Ka6 43. Rb1 Qe2 44. Qf6 Qe5+ 45. Qxe5
dxe5 46. Kb2 f4 47. gxf4 exf4 48. Kc3 f3 49. a4 Bd7 50. Kc4 1-0

[Event "St Petersburg-ch"]
[Site "St Petersburg"]
[Date "1998.04.19"]
[Round "12"]
[White "Shchukin, Dmitry"]
[Black "Ionov, Sergey"]
[Result "0-1"]
[WhiteElo "2390"]
[BlackElo "2530"]
[Annotator "Tisdall,J"]
[PlyCount "76"]
[EventDate "1998.04.07"]
[EventType "tourn"]
[EventRounds "13"]
[EventCountry "RUS"]
[EventCategory "10"]
[SourceTitle "CBM 065"]
[Source "ChessBase"]
[SourceDate "1998.08.06"]
[SourceVersion "1"]
[SourceVersionDate "1998.08.06"]
[SourceQuality "1"]

1. d4 Nf6 2. c4 e6 3. Nc3 Bb4 4. Nf3 b6 5. Bg5 Bb7 6. e3 Bxc3+ 7. bxc3 d6 8.
Nd2 Qe7 9. f3 e5 10. e4 Nc6 11. d5 Nb8 12. Bd3 (12. a4 $5 Nbd7 13. a5 O-O 14.
Be2 Rfb8 15. O-O Bc8 16. Ra3 h6 17. Be3 Nh5 18. g3 Nc5 19. Qc2 Bh3 20. Rfa1 g5
21. axb6 cxb6 22. f4 Nxf4 23. gxf4 gxf4 24. Bxc5 Qg5+ 25. Kf2 Qh4+ 26. Kg1 Qg5+
27. Kf2 Qh4+ 28. Kg1 Qg5+ {1/2-1/2 Aseev,K-Yemelin,V/RUS-Cup1 Chigorin mem 1996
}) 12... Nbd7 13. Nf1 h6 14. Bh4 Nc5 15. Ne3 Bc8 16. Bc2 g6 17. Ba4+ Nxa4 18.
Qxa4+ Bd7 19. Qa3 {Not an impressive post for the queen, but presumably white
is trying to prevent black from castling queenside.} Kf8 20. g4 $2 {This gives
black an opportunity to seize the initiative.} (20. O-O-O $5) 20... g5 $1 21.
Bf2 (21. Bg3 h5 22. Nf5 Bxf5 23. gxf5 h4 24. Bf2 g4 25. Qc1 gxf3 26. Qe3 c6 $1
27. Qxf3 Rc8 $17 {[%csl Rc3,Rc4,Re4] though this may be the relatively least
of many evils.}) 21... h5 $1 {Posing White difficult questions about his
kingside pawns.} 22. h4 (22. Nf5 Qd8 $1 (22... Bxf5 23. gxf5 g4 24. Bh4 gxf3
25. Rf1 Rg8 26. Qc1 $36 {[%csl Rf6,Gh4][%cal Gh4e7,Gc1h6]}) 23. Qc1 (23. gxh5
Bxf5 24. exf5 Qd7 $17) 23... hxg4 $1 24. Qxg5 Bxf5 25. exf5 (25. Qxf5 $4 Rh5)
25... Rh5 $17) 22... hxg4 23. O-O-O gxf3 24. hxg5 Rxh1 25. Rxh1 Nxe4 $1 26. Qb2
(26. Rh8+ Kg7 27. Rxa8 Nxf2 28. Kb1 Qxg5 29. Qc1 Ng4 $19 {wins easily as the
f-pawn will cost white material.}) 26... Kg7 27. Qc2 Nxg5 28. Bh4 Rh8 29. Nf5+
Bxf5 30. Qxf5 {[#]} Qf6 $3 {A very nice, if not strictly necessary,
combination that ends resistance.} 31. Qxf6+ Kxf6 32. Bxg5+ Kxg5 33. Rxh8 f2
34. Rh1 Kf4 $19 35. Kd2 Kf3 36. Rf1 e4 37. Rc1 e3+ 38. Kd3 e2 0-1